|
|
|
|
| LEADER |
01304nam a22003017a 4500 |
| 001 |
33089 |
| 003 |
BD-DhAAL |
| 005 |
20211129101448.0 |
| 008 |
180515t2016 ii a||| b 001 0 eng d |
| 999 |
|
|
|c 39321
|d 39321
|
| 020 |
|
|
|a 9788120326552
|
| 040 |
|
|
|a BD-DhAAL
|
| 082 |
0 |
0 |
|a 658.4013
|2 21
|
| 100 |
|
|
|a Suganthi, L.
|9 25867
|
| 245 |
0 |
0 |
|a Total quality management /
|c L. Suganthi and Anand A. Samuel
|
| 250 |
|
|
|a Eastern economy edition.
|
| 260 |
|
|
|a Delhi :
|b PHI Learning Private Limited,
|c 2016
|
| 300 |
|
|
|a xiii, 394 pages :
|b illustrations ;
|c 25 cm.
|
| 504 |
|
|
|a Includes bibliographical references (pages 387-391) and index.
|
| 526 |
|
|
|a BBS
|
| 541 |
|
|
|a STS International
|e 33088, 33089
|
| 650 |
|
0 |
|a Total quality management.
|9 23990
|
| 650 |
|
0 |
|a Business & finance.
|9 43266
|
| 700 |
|
|
|a Samuel, Anand A.
|9 25868
|
| 852 |
|
|
|a Ayesha Abed Library
|c General Stacks
|
| 942 |
|
|
|2 ddc
|c BK
|
| 952 |
|
|
|0 0
|1 0
|2 ddc
|4 0
|6 658_401300000000000_SUG
|7 0
|9 63246
|a BRACUL
|b BRACUL
|c GEN
|d 2018-05-06
|e STS International
|g 550.00
|l 4
|m 49
|o 658.4013 SUG
|p 3010033088
|r 2021-01-24
|s 2020-01-13
|t 1
|v 550.00
|w 2018-05-06
|y BK
|
| 952 |
|
|
|0 0
|1 0
|2 ddc
|4 0
|6 658_401300000000000_SUG
|7 0
|9 63247
|a BRACUL
|b BRACUL
|c GEN
|d 2018-05-06
|e STS International
|g 550.00
|l 4
|m 45
|o 658.4013 SUG
|p 3010033089
|r 2023-09-08
|s 2023-06-01
|t 2
|v 550.00
|w 2018-05-06
|y BK
|